000 00505cam a2200205 4500
001 D1342
008 090401t1973 xxu||||| |||| 00| 0 eng d
035 _a(Sirsi) u63510
041 _aeng
050 _a634
100 _aBean, W.J.
245 _aTrees and shrubs hardy in the British Isles, Volume 2 D-M
250 _a8th
260 _aLondon
_bJohn Murray
_c1973
300 _axvi. 784p. plates. 22cm
350 _a9
520 _a8th edition fully revised
942 _n0
948 _c04/03/1997
999 _c94574
_d94574